All 500k+ Cities in Central Europe on a Map - Statistics

General Stats
  • This quiz has been taken 3,545 times
  • The average score is 19 of 22
Answers on the Map
Answers color-coded by a green-red scale on the quiz's map according to % correct below.
 
Answer Stats
Population City % Correct
3,669,491 Berlin
100%
1,911,728 Vienna
99%
1,790,658 Warsaw
99%
1,484,226 Munich
98%
1,324,277 Prague
98%
1,752,286 Budapest
97%
1,847,253 Hamburg
97%
763,380 Frankfurt
94%
779,115 Kraków
92%
1,087,863 Cologne
91%
621,877 Düsseldorf
86%
635,911 Stuttgart
85%
556,780 Dresden
84%
593,145 Leipzig
81%
518,370 Nuremberg
80%
567,599 Bremen
78%
536,925 Hanover
77%
588,250 Dortmund
75%
679,941 Łódź
74%
582,760 Essen
73%
642,869 Wrocław
68%
534,813 Poznań
59%
No matching quizzes found
Score Distribution
Percent of People with Each Score
Percentile by Number Answered
Your Score History
You have not taken this quiz